Purdue Basketball: Leading Scorer Every Year - Statistics

General Stats
  • This quiz has been taken 75 times
  • The average score is 20 of 77
Answer Stats
Year Name Average % Correct
2022-2023 Zach Edey 22.3
100%
2023-2024 Zach Edey 25.2
100%
2017-2018 Carsen Edwards 18.5
91%
2018-2019 Carsen Edwards 24.3
91%
2021-2022 Jaden Ivey 17.3
84%
1992-1993 Glenn Robinson 24.1
64%
1993-1994 Glenn Robinson 30.3
64%
2019-2020 Trevion Williams 11.5
63%
2020-2021 Trevion Williams 15.5
63%
2016-2017 Caleb Swanigan 18.5
55%
2011-2012 Robbie Hummel 16.4
55%
1948-1949 Howard Williams 12.1
54%
1949-1950 Howard Williams 12.2
54%
2007-2008 E'Twaun Moore 12.9
46%
2008-2009 E'Twaun Moore 13.8
46%
2009-2010 E'Twaun Moore 16.4
46%
1967-1968 Rick Mount 28.5
46%
1968-1969 Rick Mount 33.3
46%
1969-1970 Rick Mount 35.4
46%
2010-2011 JaJuan Johnson 20.5
45%
2000-2001 Rodney Smith 13.9
39%
2012-2013 Terone Johnson 13.5
38%
2013-2014 Terone Johnson 12.0
38%
2014-2015 A.J. Hammons 11.9
36%
2015-2016 A.J. Hammons 15.0
36%
1978-1979 Joe Barry Carroll 22.8
30%
1979-1980 Joe Barry Carroll 22.3
30%
1999-2000 Brian Cardinal 13.9
23%
2004-2005 Carl Landry 18.2
16%
2005-2006 Carl Landry 15.2
16%
2006-2007 Carl Landry 18.9
16%
1994-1995 Cuonzo Martin 18.4
16%
1997-1998 Brad Miller 17.2
14%
1995-1996 Chad Austin 12.8
14%
1996-1997 Chad Austin 17.0
14%
1963-1964 Dave Schellhase 24.5
14%
1964-1965 Dave Schellhase 29.3
14%
1965-1966 Dave Schellhase 32.5
14%
1985-1986 Troy Lewis 18.4
14%
1986-1987 Troy Lewis 18.5
14%
1987-1988 Troy Lewis 17.9
14%
1991-1992 Woody Austin 18.5
14%
1989-1990 Steve Scheffler 16.8
13%
1959-1960 Terry Dischinger 26.3
13%
1960-1961 Terry Dischinger 28.2
13%
1961-1962 Terry Dischinger 30.3
13%
2001-2002 Willie Deane 17.3
11%
2002-2003 Willie Deane 17.8
11%
1998-1999 Jaraan Cornell 15.2
9%
1984-1985 Jim Bullock 14.2
9%
1990-1991 Jimmy Oliver 19.2
9%
1983-1984 Jim Rowinski 15.0
9%
2003-2004 Kenny Lowe 13.3
9%
1988-1989 Mel McCants 13.4
9%
1982-1983 Russell Cross 17.7
9%
1971-1972 Bob Ford 19.6
7%
1952-1953 Dennis Blind 13.8
7%
1953-1954 Dennis Blind 14.0
7%
1972-1973 Frank Kendrick 18.5
7%
1973-1974 John Garrett 21.6
7%
1974-1975 John Garrett 19.8
7%
1980-1981 Keith Edmonson 17.3
7%
1981-1982 Keith Edmonson 21.2
7%
1970-1971 Larry Weatherford 21.1
7%
1975-1976 Walter Jordan 16.9
7%
1976-1977 Walter Jordan 18.6
7%
1977-1978 Walter Jordan 17.0
7%
1957-1958 William Eison 14.6
7%
1947-1948 Dick Axness 12.2
5%
1966-1967 Herm Gilliam 16.4
5%
1954-1955 Joe Sexson 17.0
5%
1955-1956 Joe Sexson 19.1
5%
1958-1959 Willie Merriweather 20.8
5%
1956-1957 Bill Greve 13.8
4%
1950-1951 Carl McNulty 16.9
4%
1951-1952 Carl McNulty 18.1
4%
1962-1963 Mel Garland 21.8
4%
No matching quizzes found
Score Distribution
Percent of People with Each Score
Percentile by Number Answered
Your Score History
You have not taken this quiz